000 01017cam a2200217 4500
001 ABS66619
008 030428n2003 000 0 eng u
035 _a(Sirsi) u122099
100 _aMoyes, M.
245 _aAll at sea in the waters of contract
260 _c2003
490 _aEstates Gazette
_v(0316) 19 April 2003, 97-98(2)
520 _aThe effect of common mistake in contract law has been reinstated by the CA in "Great Peace Shipping Ltd v Tsavliris Salvage (International) Ltd " ([2002] EWCA Civ 1407, [2002] 3 WLR 1617). "Solle v Butcher" (CA [1950] 1 KB 671) has been overturned on the grounds that it conflicted with "Bell v Lever Bros Ltd" (HL [1932] AC 161). Describes principles of common mistake as laid down in "Bell v Lever Bros Ltd" (see also Abs66369).
590 _aABS
650 _aCOMMON MISTAKE
650 _aBELL V LEVER BROS
650 _aSOLLE V BUTCHER
650 _aGREAT PEACE SHIPPING LTD V TSAVLIRIS SALVAGE (INTERNATIONAL) LTD
690 _aLAW-CASE LAW
942 _n0
999 _c72553
_d72553